|
|
|
|
| LEADER |
00000cas a2200000 a 4500 |
| 001 |
vtls008692847 |
| 003 |
SK-MaSNL |
| 005 |
20260228155859.0 |
| 008 |
060422d19921992xo wr|p 0 b0slo |
| 035 |
|
|
|a (SVKBB03)vtls000142615
|
| 040 |
|
|
|a SVKPO
|b slo
|c SVKPO
|d SNK
|e AACR2
|
| 041 |
0 |
|
|a slo
|
| 044 |
|
|
|a xo
|c SK
|
| 072 |
|
7 |
|a 316.3
|x Globálne spoločnosti. Sociálna štruktúra. Sociálne skupiny
|2 konspekt
|
| 072 |
|
7 |
|a 82-1/-8
|x Literatúra rôznych foriem a žánrov (o nej)
|2 konspekt
|
| 080 |
|
|
|a 82
|2 2001
|
| 080 |
|
|
|a 050
|2 2001
|
| 080 |
|
|
|a 008
|2 2001
|
| 080 |
|
|
|a 316.3
|2 2001
|
| 245 |
0 |
0 |
|a Aréna
|b závislý kritický týždenník
|
| 260 |
|
|
|a Bratislava
|b Slovakopress, š.p.
|c 1992
|
| 300 |
|
|
|a 1 zv.
|c 31 cm
|
| 310 |
|
|
|a 1x týždenne
|
| 362 |
0 |
|
|a Č. 1 (1992)-č. 44 (1992)
|
| 500 |
|
|
|a Tlač. Concordia
|
| 500 |
|
|
|a Reg. č.: 511/91
|
| 500 |
|
|
|a Šéfredaktor: 1992, Ladislav Szalay
|
| 650 |
|
7 |
|a spoločnosť
|2 SNKPH
|9 1013
|
| 650 |
|
7 |
|a verejná mienka
|2 SNKPH
|9 13297
|
| 655 |
|
7 |
|a literárne časopisy
|2 SNKPH
|9 125450
|
| 700 |
1 |
|
|a Szalay, Ladislav,
|d 1929-2025
|4 pbd
|9 207390
|
| 850 |
|
|
|a Štátna vedecká knižnica v Prešove
|
| 910 |
|
|
|a snk
|
| 916 |
|
|
|a 1992
|
| 958 |
|
|
|a OND
|
| 999 |
|
|
|c 808
|d 808
|
| 952 |
|
|
|0 0
|1 0
|4 0
|7 0
|a SNK
|b SNK
|d 2014-09-22
|f 1
|i snkČSP 5705/93
|l 0
|o snkČSB 4211/1992
|p 17A0928072
|r 2026-02-21 19:33:30
|t č. 1-44
|w 2026-02-21
|y PREZ
|